| 000 | 00730nam a2200217 a 4500 | ||
|---|---|---|---|
| 005 | 20210219153053.0 | ||
| 008 | 991125n 000 0 u | ||
| 035 | _aUPN01000075764 | ||
| 100 | 1 | _aWagner, Edwin E | |
| 222 | 0 | _aEDUCATIONAL AND PSYCHOLOGICAL MEASUREMENT | |
| 245 | 0 | 0 | _aA empirical demonstration of the stability of the meximized correlation as an internal-consistency reliability estimate for tests of small item size |
| 300 | _a539-544 | ||
| 362 | 0 | _a1990 Vol. 50, no. 3 | |
| 653 | 0 | _aCORRELACION | |
| 653 | 0 | _aESTIMACION (MATEMATICAS) | |
| 653 | 0 | _aPRUEBAS DE FIABILIDAD | |
| 700 | 1 |
_aAdair, Holiday E., _ecoaut. |
|
| 700 | 1 |
_aAlexander, Ralph A., _ecoaut. |
|
| 904 |
_aAC _b013575 |
||
| 905 | _aArticulo | ||
| 999 |
_c67660 _d67660 |
||